Higher level mathematics : (Record no. 2098)
[ view plain ]
| 000 -LEADER | |
|---|---|
| fixed length control field | 00571nam a22001937a 4500 |
| 003 - CONTROL NUMBER IDENTIFIER | |
| control field | OSt |
| 005 - DATE AND TIME OF LATEST TRANSACTION | |
| control field | 20151201152633.0 |
| 008 - FIXED-LENGTH DATA ELEMENTS--GENERAL INFORMATION | |
| fixed length control field | 130307t xxu||||| |||| 00| 0 eng d |
| 020 ## - INTERNATIONAL STANDARD BOOK NUMBER | |
| International Standard Book Number | 9780435994419 |
| 050 ## - LIBRARY OF CONGRESS CALL NUMBER | |
| Classification number | QA 39.3 |
| Item number | .W359 2009 |
| 082 ## - DEWEY DECIMAL CLASSIFICATION NUMBER | |
| Classification number | IB 510 |
| 100 ## - MAIN ENTRY--PERSONAL NAME | |
| Personal name | Wazir, Ibrahim |
| 245 ## - TITLE STATEMENT | |
| Title | Higher level mathematics : |
| Statement of responsibility, etc | Ibrahim Wazir, Tim Garry. |
| Remainder of title | developed specifically for the IB diploma / |
| 260 ## - PUBLICATION, DISTRIBUTION, ETC. (IMPRINT) | |
| Place of publication, distribution, etc | Harlow, Essex : |
| Name of publisher, distributor, etc | Pearson Education Ltd, |
| Date of publication, distribution, etc | c2009. |
| 300 ## - PHYSICAL DESCRIPTION | |
| Extent | ix, 1030 p. : |
| Other physical details | col. : ill. ; |
| Dimensions | 26 cm. |
| 562 ## - COPY AND VERSION IDENTIFICATION NOTE | |
| Number of copies | 1 |
| 942 ## - ADDED ENTRY ELEMENTS (KOHA) | |
| Source of classification or shelving scheme | Library of Congress Classification |
| Koha item type | Books |
| Withdrawn status | Lost status | Source of classification or shelving scheme | Damaged status | Home library | Current library | Shelving location | Date acquired | Total Checkouts | Total Renewals | Full call number | Barcode | Date last seen | Date checked out | Copy number | Price effective from | Koha item type |
|---|---|---|---|---|---|---|---|---|---|---|---|---|---|---|---|---|
| Library of Congress Classification | Luxembourg Library | Luxembourg Library | International Baccalaureate Section | 06/22/2013 | 1 | 11 | QA 39.3 .W359 2009 | 17612 | 01/17/2019 | 09/18/2018 | 1 | 10/03/2013 | Books |